Central Library OPAC University of Rajshahi

আন্তর্জাতিক সম্পর্ক পরিভাষা-কোষ = Terminology of international relations / (Record no. 45357)

MARC details
000 -LEADER
fixed length control field 00833nam a22002177a 4500
001 - CONTROL NUMBER
control field 45357
003 - CONTROL NUMBER IDENTIFIER
rucl marc code BD-RjUL
005 - DATE AND TIME OF LATEST TRANSACTION
control field 20211209054012.0
008 - FIXED-LENGTH DATA ELEMENTS--GENERAL INFORMATION
fixed length control field 160725m19721968bg ||||| |||| 00| 0 ben d
020 ## - INTERNATIONAL STANDARD BOOK NUMBER
Terms of availability : TK 2.75
035 ## - SYSTEM CONTROL NUMBER
System control number (BD-RjUL)45475
040 ## - CATALOGING SOURCE
Original cataloging agency BD-RjUL
Language of cataloging ben
Transcribing agency BD-RjUL
041 ## - LANGUAGE CODE
Language code of text/sound track or separate title ben
082 ## - DEWEY DECIMAL CLASSIFICATION NUMBER
Edition number 23
Classification number 327.014
Author mark and year ANT 1972
245 10 - TITLE STATEMENT
Title আন্তর্জাতিক সম্পর্ক পরিভাষা-কোষ = Terminology of international relations /
260 ## - PUBLICATION, DISTRIBUTION, ETC. (IMPRINT)
Place of publication, distribution, etc. ঢাকা :
Name of publisher, distributor, etc. বাংলা একাডেমী,
Date of publication, distribution, etc. ১৯৬৮
-- ১৯৭২
300 ## - PHYSICAL DESCRIPTION
Pagination ১০০ পৃ. ;
Size ২৩ সেমি.
650 ## - SUBJECT ADDED ENTRY--TOPICAL TERM
Topical term or geographic name as entry element আন্তর্জাতিক সম্পর্ক
General subdivision পরিভাষা
9 (RLIN) 138884
Topical term or geographic name as entry element International Relation
General subdivision Dictionary
9 (RLIN) 138885
942 ## - ADDED ENTRY ELEMENTS (KOHA)
Source of classification or shelving scheme Dewey Decimal Classification
Koha item type Reference
Holdings
Lost status Source of classification or shelving scheme Damaged status Not for loan Collection code Permanent Location Current Location Shelving location Date acquired Source of acquisition Cost, normal purchase price Total Checkouts Full call number Date last seen Copy number Koha item type
  Dewey Decimal Classification     Non-fiction Central Library, University of Rajshahi Central Library, University of Rajshahi   20/05/1972 Bangla Academy, Dhaka 2.75   BR 327.03 ANT 1972 25/07/2016 C-2 Reference
  Dewey Decimal Classification     Non-fiction Central Library, University of Rajshahi Central Library, University of Rajshahi   12/06/1968 Nowrose 2.75   BR 327.03 ANT 1968 07/08/2016 C-3 Reference
  Dewey Decimal Classification     Non-fiction Central Library, University of Rajshahi Central Library, University of Rajshahi       2.75   BR 327.03 ANT 1972 13/08/2016 C-4 Reference
  Dewey Decimal Classification     Non-fiction Central Library, University of Rajshahi Central Library, University of Rajshahi   20/05/1972 Central Board for bengali 2.75   BR 327.03 ANT 1968 21/11/2016 C-5 Reference